Normal view
MARC view
Entry Personal Name
001 - CONTROL NUMBER
- control field: 30855
003 - CONTROL NUMBER IDENTIFIER
- control field: ARRUPE
005 - DATE AND TIME OF LATEST TRANSACTION
- control field: 20170518090149.0
008 - FIXED-LENGTH DATA ELEMENTS
- fixed length control field: 170518|| aca||aabn | a|a d
040 ## - CATALOGING SOURCE
- Original cataloging agency: ARRUPE
- Transcribing agency: ARRUPE
100 ## - HEADING--PERSONAL NAME
- Personal name: Rea, William Francis
670 ## - SOURCE DATA FOUND
- Source citation: Work cat.: (ARRUPE): Rea, William Francis, Seventy=five years in two cites, 1971